| 000 | 00738nam a2200241 i 4500 | ||
|---|---|---|---|
| 003 | DO-SdBNP | ||
| 005 | 20240425102811.0 | ||
| 007 | ta | ||
| 008 | 240425s2001 dr 000 j spa d | ||
| 040 |
_aDO-SdBNP _bspa _cBNPHU _erda |
||
| 082 |
_bS265 _222 |
||
| 100 |
_aSavard, Raymundo _913189 _eautor |
||
| 245 | 1 | 3 |
_aEl padre Cipriano Fortin / _cRaymundo Savard : edición Rafael Bello Peguero |
| 264 | 1 |
_aSanto Domingo : _bAmigo del Hogar, _c2001. |
|
| 300 |
_a55 páginas, _c21 cm. |
||
| 336 |
_2rdacontent _atexto _btxt |
||
| 337 |
_2rdamedia _asin mediación _bn |
||
| 338 |
_2rdacarrier _avolumen _bnc |
||
| 590 | _aInventariado, 2024/ YL | ||
| 700 |
_aBello Peguero, Rafael _eeditor |
||
| 910 | _aYLockward | ||
| 942 |
_2ddc _cLBS1 |
||
| 999 |
_c56503 _d56503 |
||